Normal view
MARC view
Entry Personal Name
001 - CONTROL NUMBER
- control field: 22971
003 - CONTROL NUMBER IDENTIFIER
- control field: OSt
005 - DATE AND TIME OF LATEST TRANSACTION
- control field: 20151226161406.0
008 - FIXED-LENGTH DATA ELEMENTS
- fixed length control field: 151226|| aca||aabn | a|a d
040 ## - CATALOGING SOURCE
- Original cataloging agency: OSt
- Transcribing agency: OSt
100 ## - HEADING--PERSONAL NAME
- Personal name: Singh,Upinder
670 ## - SOURCE DATA FOUND
- Source citation: Work cat.: (OSt): Singh,Upinder, A Histeoy of Anceint and Early Medieval India, 2008









